00573nam a2200181Ia 4500001001000000003000500010008004100015010001100056040000900067082002500076111010800101245007400209260003000283300001000313650000800323700002400331710003600355Para_2138CHAP220125s1997 xx 000 0 und d a200752 cCHAP aPA 630.208 C65c 1997 aCongreso nacional agropecuario y forestal: por un desarrollo rural sostenible (2:1997:Chapingo, Méx.) aConclusiones y resolutivos /c comp. por Joel Pérez Nieto [y otros] aChapingo, Méx. :b UACh a41 p. aAgr aPérez Nieto, Joel2 aUniversidad Autónoma Chapingo